000
00338nam a2200157Ia 4500
003
OSt
005
20240305105840.0
008
170523s9999 xx 000 0 und d
020
_a
978-8120405851
040
_c
IIMTU
100
_a
RAO- TV
245
0
_a
READINGS IN HRD
260
_b
OXFORD PUBLICATION
260
_c
1991
942
_2
ddc
_c
02
999
_c
938
_d
938